Etica, cultura y juventud /
Salvato in:
| Autore principale: | |
|---|---|
| Natura: | testo |
| Tags: |
Aggiungi Tag
Nessun Tag, puoi essere il primo ad aggiungerne!!
|
MARC
| LEADER | 00000 a a2200000 04500 | ||
|---|---|---|---|
| 001 | 41022 | ||
| 003 | |||
| 040 | |||
| 100 | |a Ruiz Martín del Campo, Ema | ||
| 245 | |a Etica, cultura y juventud / |c Ema Ruiz Martín de Campo | ||
| 773 | |g número1 ( , 2009), páginas 357-365 | ||
| 999 | |c 26229 |d 26229 | ||
